| 000 | 01157nam a2200337 c 4500 | ||
|---|---|---|---|
| 003 | BLK | ||
| 005 | 20180421000234.0 | ||
| 008 | 180411b bul|||||r ||||||| ||bul|| | ||
| 010 | _aKNG00192937000 | ||
| 040 | _aBLK | ||
| 041 |
_aBUL _cBUL |
||
| 080 |
_aОбщи въпроси на дидактиката и методиката _b37.02 _x _z37.02 |
||
| 100 | 1 |
_aДенев, Дечо Жечев _eпърви автор _9246002 |
|
| 139 |
_aДенев, Дечо Жечев _bД 42 |
||
| 245 | 1 | 0 |
_aУчебна дейност _b[Изследване] _cДечо Жечев Денев. |
| 257 | _aBGR | ||
| 260 |
_аСофия _bНар. просв. _c1986 _fХасково : Ат. Стратиев |
||
| 300 |
_a208 с. _c21 см |
||
| 380 | _a3 | ||
| 500 | _aБиблиогр. с. 203-205. - 3 401 тир. | ||
| 650 | 4 |
_aДидактика _9153380 |
|
| 650 | 4 |
_aОбучение _9164588 |
|
| 653 | _aдидактика | ||
| 653 | _aобучение | ||
| 653 | _aизследвания | ||
| 852 | _aЦб 144603 | ||
| 856 | 4 |
_qpdf _u |
|
| 856 | 4 |
_qpdf _u |
|
| 942 |
_cKNG _n0 |
||
| 944 |
_aCR _c13.10.2016 _kЕлица_Владова |
||
| 944 |
_aED _c13.10.2016 _kЕлица_Владова |
||
| 999 |
_c183988 _d183988 |
||